| 000 | 00406nam a22001577a 4500 | ||
|---|---|---|---|
| 003 | OSt | ||
| 005 | 20240529151721.0 | ||
| 008 | 220402b xxu||||| |||| 00| 0 eng d | ||
| 020 | _a978-8171641161 | ||
| 040 | _cIIMT UNIVERSITY MEERUT | ||
| 100 | _aPRASAD,R | ||
| 245 | _aTEXTBOOK OF FIELD CROPS PRODUCTION FOODGRAIN CROPS VOLUME-I | ||
| 260 |
_aNEW DELHI _bICAR _c2021 |
||
| 300 | _a396 | ||
| 942 |
_2ddc _c06 |
||
| 999 |
_c51566 _d51566 |
||